| 000 | 00487nam a22001937a 4500 | ||
|---|---|---|---|
| 005 | 20231120150442.0 | ||
| 008 | 231120b ||||| |||| 00| 0 eng d | ||
| 040 | _cAL | ||
| 041 | _aeng | ||
| 082 |
_223 _a658 _bKOOE |
||
| 100 |
_aKoontz _9142508 |
||
| 100 |
_dWeihrich _9142509 |
||
| 245 | _aEssentials of Management | ||
| 260 |
_bMcGraw Hill Publication Co. _c1990 |
||
| 650 |
_aManagement _9142510 |
||
| 700 |
_aKOONTZ _9142511 |
||
| 700 |
_aWEIHRICH _9142512 |
||
| 942 |
_2ddc _cBK |
||
| 999 |
_c229255 _d229255 |
||